Cải thiện các dịch vụ để phục vụ người nghèo: Báo cáo phát triển thế giới năm 2004
Đã lưu trong:
| Údar Corparáideach: | |
|---|---|
| Formáid: | Leabhar |
| Teanga: | Undetermined |
| Foilsithe: |
H.
CTQG
2003
|
| Ábhair: | |
| Clibeanna: |
Cuir Clib Leis
Gan Chlibeanna, Bí ar an gcéad duine leis an taifead seo a chlibeáil!
|
| Thư viện lưu trữ: | Trung tâm Học liệu Trường Đại học Cần Thơ |
|---|
| LEADER | 00676nam a2200217Ia 4500 | ||
|---|---|---|---|
| 001 | CTU_59172 | ||
| 008 | 210402s9999 xx 000 0 und d | ||
| 020 | |b 60000 | ||
| 082 | |a 362.5 | ||
| 082 | |b C103 | ||
| 110 | |a Ngân hàng thế giới | ||
| 245 | 0 | |a Cải thiện các dịch vụ để phục vụ người nghèo: | |
| 245 | 0 | |b Báo cáo phát triển thế giới năm 2004 | |
| 245 | 0 | |c Vũ Cương ... [et al.] biên dịch | |
| 260 | |a H. | ||
| 260 | |b CTQG | ||
| 260 | |c 2003 | ||
| 650 | |a poverty,human services | ||
| 650 | |x developing countries | ||
| 904 | |i Minh | ||
| 980 | |a Trung tâm Học liệu Trường Đại học Cần Thơ | ||